American Heritage Girls - Badges - Statistics

General Stats
  • This quiz has been taken 3 times
  • The average score is 77 of 102
Answer Stats
Answer % Correct
All God's Children
100%
Ancestor Detector
100%
Archery
100%
Architecture
100%
Art History/History's Canvas
100%
Astronomy/Space Exploration
100%
Auto Care & Safety/Stick Shifts & Safety Belts
100%
Boating/Boating Safety
100%
Cake Decorating
100%
Canoeing
100%
Caring for Creation/Caring for my Environment
100%
Cinematography
100%
Citizenship and Government
100%
Cooking
100%
Crafts/Creative Crafts
100%
Creative Writing
100%
Cycling
100%
Dawn of Our Country
100%
Digital Citizenship
100%
Emergency Preparedness
100%
Entomology/Insect-a Inspect-a
100%
Fashion/My Style
100%
Fine Arts/Artastic
100%
Fishing
100%
Freedom Seekers
100%
Freshwater & Marine Biology
100%
Home Care & Repair
100%
Home Decorating
100%
Horticulture/Gardening & Plant Science
100%
Internet Adventurer
100%
Kid Care
100%
Living & Working in Space
100%
Meteorology/Young Meteorologist
100%
Native American
100%
Needle Arts
100%
Ornithology/Our Feathered Friends
100%
Our Constitution
100%
Our Heritage
100%
Personal Care/Best Me I Can Be
100%
Pet Care
100%
Rock Climbing/Climb On!
100%
Sewing
100%
Shooting Sports
100%
Swimming
100%
Textile Arts
100%
Theater
100%
Together as a Family
100%
U.S. Military Heroes/Freedom's Heroes
100%
Women Inventors
100%
Women of Faith
100%
World Languages
100%
Zoology
100%
7 C's of History
50%
Aviation
50%
Bible Basics
50%
Biblical Leadership
50%
Biomimicry
50%
Book Adventurer
50%
Camping
50%
Communication Technology
50%
Computer Fun
50%
Dance
50%
Daughter of the King
50%
Engineering
50%
Entrepreneurship
50%
Family Helper
50%
Fire Safety & Fire Building
50%
Geocaching & Orienteering
50%
Geology
50%
Golf
50%
Graphic Design
50%
Hiking
50%
Horsemanship
50%
Kitchen Scientist
50%
Living in the USA
50%
Mathematics
50%
Medical
50%
Mission Minded
50%
Money Management
50%
Music Appreciation
50%
Music Performance
50%
Nature & Wildlife
50%
Our Flag
50%
Outdoor Cooking
50%
Outdoor Skills
50%
Pen & Paper Arts
50%
Photography
50%
Physical Fitness
50%
Public Speaking
50%
Puppetry
50%
Robotics
50%
Scrapbooking/Memory Maker
50%
Sign Language
50%
Snow Skiing & Snowboarding
50%
Social Skills & Etiquette
50%
Special Delivery
50%
Survival, Search, & Rescue
50%
Sustainable Living
50%
Toys & Games
50%
Travel
50%
World Heritage
50%
Indentity
0%
No matching quizzes found
Score Distribution
Percent of People with Each Score
Percentile by Number Answered
Your Score History
You have not taken this quiz